[Event "GER-ch Net blitz qual4"]
[Site "Playchess.com INT"]
[Date "2021.05.10"]
[Round "11"]
[White "Rieling, Thomas"]
[Black "Gustain, Marc"]
[Result "0-1"]
[WhiteElo "1792"]
[BlackElo "1954"]
[PlyCount "32"]
[EventDate "2021.05.10"]
[EventType "swiss (blitz)"]
[EventRounds "11"]
[EventCountry "GER"]
[SourceTitle "CBM 202 Extra"]
[Source "ChessBase"]
[SourceDate "2021.07.31"]
[SourceVersion "1"]
[SourceVersionDate "2021.07.31"]
[SourceQuality "1"]

1. e4 Nc6 2. Nc3 g6 3. d4 Bg7 4. Nf3 d6 5. Bc4 Nf6 6. 0-0 Bg4 7. Be3 0-0 8. h3 Bxf3 9. Qxf3 e5 10. d5 Ne7 11. Qe2 Nh5 12. Qd2 f5 13. exf5 Nxf5 14. Bg5 Nf6 15. Ne4 Nxe4 16. Bxd8 Nxd2 0-1

[Event "GER-ch Net blitz qual4"]
[Site "Playchess.com INT"]
[Date "2021.05.10"]
[Round "4"]
[White "Rieling, Thomas"]
[Black "Singh, Marcel"]
[Result "0-1"]
[WhiteElo "1792"]
[BlackElo "2026"]
[PlyCount "110"]
[EventDate "2021.05.10"]
[EventType "swiss (blitz)"]
[EventRounds "11"]
[EventCountry "GER"]
[SourceTitle "CBM 202 Extra"]
[Source "ChessBase"]
[SourceDate "2021.07.31"]
[SourceVersion "1"]
[SourceVersionDate "2021.07.31"]
[SourceQuality "1"]

1. e4 Nf6 2. e5 Nd5 3. c4 Nb6 4. d4 d6 5. exd6 cxd6 6. Nc3 g6 7. Be3 Bg7 8. Rc1 0-0 9. b3 Nc6 10. Nge2 e5 11. g3 Bg4 12. d5 Bf3 13. Rg1 Nb4 14. Qd2 e4 15. Nd4 Rc8 16. a3 Na6 17. Nxf3 exf3 18. Bd3 Re8 19. Kf1 Nc5 20. Bc2 Qf6 21. Nb5 a6 22. Bd4 Qe7 23. Bxg7 Kxg7 24. Nd4 Ne4 25. Bxe4 Qxe4 26. Re1 Qg4 27. Re3 Qh3+ 28. Ke1 Qxh2 29. Rf1 Nd7 30. Nxf3 Qh5 31. Qd4+ Kg8 32. Kd2 Rxe3 33. Qxe3 Nf6 34. Qf4 Kg7 35. Nd4 Re8 36. Re1 Rxe1 37. Kxe1 Qe5+ 38. Qxe5 dxe5 39. Nf3 Nd7 40. Kd2 f5 41. b4 Kf6 42. c5 e4 43. Nd4 Ke5 44. Ke3 Kxd5 45. g4 Ke5 46. gxf5 gxf5 47. c6 f4+ 48. Ke2 bxc6 49. Nxc6+ Kf5 50. Ne7+ Ke6 51. Nc6 h5 52. Nd4+ Ke5 53. Nb3 h4 54. Kf1 Nb6 55. a4 Nxa4 0-1

[Event "GER-ch Net blitz qual2"]
[Site "Playchess.com INT"]
[Date "2021.05.04"]
[Round "10"]
[White "Hundack, Rolf"]
[Black "Rieling, Thomas"]
[Result "1-0"]
[WhiteElo "1932"]
[BlackElo "1791"]
[PlyCount "21"]
[EventDate "2021.05.04"]
[EventType "swiss (blitz)"]
[EventRounds "11"]
[EventCountry "GER"]
[SourceTitle "CBM 202 Extra"]
[Source "ChessBase"]
[SourceDate "2021.07.31"]
[SourceVersion "1"]
[SourceVersionDate "2021.07.31"]
[SourceQuality "1"]

1. c4 e5 2. Nc3 Nc6 3. g3 g6 4. Bg2 Bg7 5. Nf3 d6 6. 0-0 f5 7. d3 Nf6 8. Rb1 a5 9. a3 0-0 10. b4 Ra6 11. b5 1-0

[Event "GER-ch Net blitz qual2"]
[Site "Playchess.com INT"]
[Date "2021.05.04"]
[Round "2"]
[White "Schwierskott, Marc"]
[Black "Rieling, Thomas"]
[Result "1-0"]
[WhiteElo "2037"]
[BlackElo "1791"]
[PlyCount "105"]
[EventDate "2021.05.04"]
[EventType "swiss (blitz)"]
[EventRounds "11"]
[EventCountry "GER"]
[SourceTitle "CBM 202 Extra"]
[Source "ChessBase"]
[SourceDate "2021.07.31"]
[SourceVersion "1"]
[SourceVersionDate "2021.07.31"]
[SourceQuality "1"]

1. c4 e5 2. Nc3 Nc6 3. Nf3 g6 4. e3 Bg7 5. d4 exd4 6. exd4 d6 7. d5 Ne5 8. Nxe5 dxe5 9. Bd3 Ne7 10. 0-0 0-0 11. Bg5 f6 12. Be3 f5 13. Qd2 f4 14. Bc5 f3 15. Ne4 fxg2 16. Kxg2 Rf4 17. Be3 Rg4+ 18. Kh1 Nf5 19. Bg5 Qf8 20. Rg1 Nd6 21. Rxg4 Bxg4 22. Nxd6 Qf3+ 23. Kg1 cxd6 24. Bf1 Bf5 25. Qe3 Qg4+ 26. Qg3 Qd4 27. Qb3 b6 28. Re1 Re8 29. Re2 e4 30. Qe3 Qe5 31. Bf4 Qe7 32. Bg2 Bg4 33. Re1 Bf5 34. f3 Be5 35. fxe4 Bd7 36. Rf1 Qh4 37. Qg3 Qh5 38. Bf3 Qh3 39. Qxh3 Bxh3 40. Bg2 Bxg2 41. Kxg2 Bxb2 42. Kf3 Rf8 43. Ke3 Bf6 44. Bxd6 Bg5+ 45. Bf4 Bh4 46. e5 Re8 47. Kd4 g5 48. Bg3 Bxg3 49. hxg3 h5 50. e6 Kg7 51. Ke5 h4 52. gxh4 gxh4 53. d6 1-0

[Event "GER-ch Net blitz qual1"]
[Site "Playchess.com INT"]
[Date "2021.04.24"]
[Round "10"]
[White "Huber, Benedikt"]
[Black "Rieling, Thomas"]
[Result "1/2-1/2"]
[WhiteElo "1921"]
[BlackElo "1728"]
[PlyCount "68"]
[EventDate "2021.04.24"]
[EventType "swiss (blitz)"]
[EventRounds "11"]
[EventCountry "GER"]
[SourceTitle "CBM 202 Extra"]
[Source "ChessBase"]
[SourceDate "2021.07.31"]
[SourceVersion "1"]
[SourceVersionDate "2021.07.31"]
[SourceQuality "1"]

1. d4 Nf6 2. Bf4 e6 3. e3 b6 4. Nf3 Bb7 5. Nbd2 Be7 6. Bd3 d6 7. h3 Nbd7 8. 0-0 0-0 9. a4 a5 10. c3 Nh5 11. Bh2 f5 12. e4 f4 13. Re1 e5 14. Nxe5 dxe5 15. Qxh5 exd4 16. e5 g6 17. Bxg6 hxg6 18. Qxg6+ Kh8 19. e6 Nf6 20. Bxf4 Rg8 21. Qh6+ Nh7 22. Ne4 Qd5 23. cxd4 Bd6 24. Bxd6 cxd6 25. f3 Raf8 26. Rac1 Qf5 27. Rc7 Bxe4 28. Rxe4 Rxg2+ 29. Kxg2 Qxf3+ 30. Kh2 Qf2+ 31. Kh1 Qf3+ 32. Kh2 Qf2+ 33. Kh1 Qf1+ 34. Kh2 Qf2+ 1/2-1/2

[Event "GER-ch Net Amateur Gr-A Vor3"]
[Site "Playchess.com INT"]
[Date "2020.04.16"]
[Round "4"]
[White "Rieling, Thomas"]
[Black "Zielinski Backens, Werner"]
[Result "0-1"]
[WhiteElo "1742"]
[BlackElo "1552"]
[PlyCount "70"]
[EventDate "2020.04.16"]
[EventType "swiss (blitz)"]
[EventRounds "9"]
[EventCountry "GER"]
[SourceTitle "CBM 195 Extra"]
[Source "ChessBase"]
[SourceDate "2020.05.31"]
[SourceVersion "1"]
[SourceVersionDate "2020.05.31"]
[SourceQuality "1"]

1. e4 c5 2. Nc3 g6 3. g3 Bg7 4. Bg2 Nc6 5. d3 d6 6. f4 e6 7. Nf3 Nge7 8. 0-0 0-0 9. Be3 Nd4 10. e5 dxe5 11. fxe5 Nef5 12. Bf2 Nxf3+ 13. Qxf3 Nd4 14. Qd1 Rb8 15. Ne4 Qd7 16. c3 Nc6 17. Nxc5 Qc7 18. d4 b6 19. Ne4 Ne7 20. Nd6 Rd8 21. Nxc8 Rbxc8 22. Qa4 Nd5 23. Rac1 a5 24. c4 Ne7 25. a3 Nf5 26. Rfd1 Bh6 27. Rc3 Qe7 28. Qb5 Qg5 29. Qxb6 Rb8 30. Qc7 Rbc8 31. Qxa5 Qh5 32. Rd2 Bxd2 33. h3 Qd1+ 34. Kh2 Bxc3 35. Qxc3 Qe2 0-1

[Event "GER-ch Net Amateur Gr-A Vor2"]
[Site "Playchess.com INT"]
[Date "2020.04.15"]
[Round "7"]
[White "Rieling, Thomas"]
[Black "Gaitzsch, Martin"]
[Result "0-1"]
[WhiteElo "1754"]
[BlackElo "1620"]
[PlyCount "48"]
[EventDate "2020.04.15"]
[EventType "swiss (blitz)"]
[EventRounds "9"]
[EventCountry "GER"]
[SourceTitle "CBM 196 Extra"]
[Source "ChessBase"]
[SourceDate "2020.07.31"]
[SourceVersion "1"]
[SourceVersionDate "2020.07.31"]
[SourceQuality "1"]

1. e4 e5 2. Nf3 Nc6 3. d4 exd4 4. Bc4 Bc5 5. c3 Nf6 6. cxd4 Bb4+ 7. Bd2 Bxd2+ 8. Nbxd2 d5 9. exd5 Nxd5 10. 0-0 0-0 11. Re1 Nb6 12. Bb3 Nxd4 13. Nxd4 Qxd4 14. Qc2 c6 15. Nf3 Qf6 16. Rad1 Bf5 17. Qc5 Bg4 18. Re3 Qxb2 19. Qg5 Bxf3 20. Rxf3 Nd5 21. Rg3 Rad8 22. Rf1 Rd6 23. Qh4 Nc3 24. Re1 Ne2+ 0-1

[Event "GER-ch Net Amateur Gr-A Vor2"]
[Site "Playchess.com INT"]
[Date "2020.04.15"]
[Round "6"]
[White "Tschernatsch, Johannes"]
[Black "Rieling, Thomas"]
[Result "1-0"]
[WhiteElo "1620"]
[BlackElo "1774"]
[PlyCount "35"]
[EventDate "2020.04.15"]
[EventType "swiss (blitz)"]
[EventRounds "9"]
[EventCountry "GER"]
[SourceTitle "CBM 196 Extra"]
[Source "ChessBase"]
[SourceDate "2020.07.31"]
[SourceVersion "1"]
[SourceVersionDate "2020.07.31"]
[SourceQuality "1"]

1. e4 e5 2. Nf3 Nc6 3. Bb5 f5 4. d3 fxe4 5. dxe4 Bc5 6. Bxc6 bxc6 7. Nxe5 Qe7 8. Nd3 Qxe4+ 9. Qe2 Nf6 10. Qxe4+ Nxe4 11. f3 Bb6 12. fxe4 0-0 13. Nc3 Ba6 14. Bd2 Rae8 15. 0-0-0 c5 16. Rhf1 c4 17. Nb4 Bb7 18. Nbd5 1-0

[Event "GER-ch Net Amateur Gr-A Vor1"]
[Site "Playchess.com INT"]
[Date "2020.04.14"]
[Round "4"]
[White "Ahlberg, Matthias"]
[Black "Rieling, Thomas"]
[Result "0-1"]
[WhiteElo "1961"]
[BlackElo "1746"]
[PlyCount "80"]
[EventDate "2020.04.14"]
[EventType "swiss (blitz)"]
[EventRounds "9"]
[EventCountry "GER"]
[SourceTitle "EXT 2021"]
[Source "ChessBase"]
[SourceDate "2020.10.23"]
[SourceVersion "1"]
[SourceVersionDate "2020.10.23"]
[SourceQuality "1"]

1. e4 e5 2. Nf3 Nc6 3. Bb5 f5 4. Nc3 Nd4 5. d3 c6 6. Bc4 Nxf3+ 7. Qxf3 Qf6 8. Bxg8 Rxg8 9. Qxf5 Qxf5 10. exf5 d5 11. g4 Bc5 12. Na4 Bd6 13. Bd2 Bd7 14. Nc3 0-0-0 15. 0-0-0 Rdf8 16. f3 g6 17. Bh6 Rf6 18. Bg5 Rf7 19. f6 Rh8 20. Bh4 h6 21. g5 hxg5 22. Bxg5 Rh5 23. h4 Bc7 24. Rhf1 Bh3 25. Rf2 Bd8 26. f4 Bxf6 27. fxe5 Bxg5+ 28. Rfd2 Bxd2+ 29. Kxd2 Rf2+ 30. Ke3 Rxc2 31. d4 Bf5 32. Rg1 Kd7 33. Na4 b6 34. a3 Rxh4 35. Rg3 c5 36. b4 cxd4+ 37. Kf3 Rh3 38. Rxh3 Bxh3 39. Kf4 d3 40. Ke3 Bf5 0-1

[Event "GER-ch Net Amateur Gr-A Vor1"]
[Site "Playchess.com INT"]
[Date "2020.04.14"]
[Round "6"]
[White "Rieling, Thomas"]
[Black "Namyslo, Holger"]
[Result "1/2-1/2"]
[WhiteElo "1764"]
[BlackElo "1947"]
[PlyCount "109"]
[EventDate "2020.04.14"]
[EventType "swiss (blitz)"]
[EventRounds "9"]
[EventCountry "GER"]
[SourceTitle "EXT 2021"]
[Source "ChessBase"]
[SourceDate "2020.10.23"]
[SourceVersion "1"]
[SourceVersionDate "2020.10.23"]
[SourceQuality "1"]

1. e4 e6 2. d4 d5 3. Nc3 Bb4 4. exd5 exd5 5. Bd3 Nc6 6. a3 Ba5 7. Nge2 Nf6 8. 0-0 0-0 9. Bg5 Be6 10. f4 Bb6 11. Na4 Bg4 12. Nxb6 axb6 13. c3 h6 14. Bh4 Qd6 15. h3 Bxe2 16. Qxe2 Rfe8 17. Qf3 Ne4 18. Bxe4 dxe4 19. Qg4 Na5 20. f5 Nc4 21. f6 g6 22. Bg3 Qf8 23. Rae1 e3 24. Re2 Ra5 25. Bf4 Rf5 26. Qh4 Kh7 27. Bxc7 Rxf1+ 28. Kxf1 Re6 29. Bf4 Nd6 30. g4 Nc4 31. g5 h5 32. Qg3 Nd2+ 33. Kg2 Ne4 34. Qxe3 Nxg5 35. Qd3 Rxe2+ 36. Qxe2 Ne6 37. Be5 Qc8 38. Qb5 Qf8 39. Qd7 Kg8 40. d5 Ng5 41. Bf4 Ne4 42. d6 Nc5 43. Qe7 Qc8 44. Bh6 Kh7 45. Bg7 Qc6+ 46. Kg1 Qf3 47. Qe1 Qxh3 48. Qe3 Qg4+ 49. Kf1 Qd1+ 50. Kg2 Qc2+ 51. Kh3 Qf5+ 52. Kg2 Qg4+ 53. Kf1 Qd1+ 54. Kg2 Qg4+ 55. Kf1 1/2-1/2

[Event "GER-ch Net blitz qual4"]
[Site "Playchess.com INT"]
[Date "2020.03.23"]
[Round "6"]
[White "Rieling, Thomas"]
[Black "Hapke, Thorsten"]
[Result "1-0"]
[WhiteElo "2069"]
[BlackElo "1564"]
[PlyCount "33"]
[EventDate "2020.03.23"]
[EventType "swiss (blitz)"]
[EventRounds "9"]
[EventCountry "GER"]
[SourceTitle "CBM 195 Extra"]
[Source "ChessBase"]
[SourceDate "2020.05.31"]
[SourceVersion "1"]
[SourceVersionDate "2020.05.31"]
[SourceQuality "1"]

1. e4 c5 2. d4 cxd4 3. c3 dxc3 4. Nxc3 g6 5. Bc4 Bg7 6. Nf3 Nc6 7. Qb3 e6 8. Nb5 Bf8 9. Bf4 d6 10. 0-0-0 Na5 11. Qd3 a6 12. Nxd6+ Bxd6 13. Bxd6 Nxc4 14. Qxc4 Bd7 15. Qd4 Rc8+ 16. Kb1 Qf6 17. Be5 1-0

[Event "GER-ch Net blitz qual4"]
[Site "Playchess.com INT"]
[Date "2020.03.23"]
[Round "1"]
[White "Rieling, Thomas"]
[Black "Reichel, Jonathan"]
[Result "0-1"]
[WhiteElo "2069"]
[BlackElo "2092"]
[PlyCount "64"]
[EventDate "2020.03.23"]
[EventType "swiss (blitz)"]
[EventRounds "9"]
[EventCountry "GER"]
[SourceTitle "CBM 195 Extra"]
[Source "ChessBase"]
[SourceDate "2020.05.31"]
[SourceVersion "1"]
[SourceVersionDate "2020.05.31"]
[SourceQuality "1"]

1. e4 e5 2. Bc4 Nc6 3. d3 Bc5 4. Nc3 Nf6 5. f4 d6 6. Nf3 Ng4 7. Ng5 0-0 8. f5 Bf2+ 9. Kf1 Ne3+ 10. Bxe3 Bxe3 11. Nf3 Na5 12. Bb3 Nxb3 13. axb3 Bd7 14. Qe2 Bb6 15. Nd5 c6 16. Nxb6 Qxb6 17. g4 a6 18. h4 Rae8 19. g5 d5 20. Qf2 Qb4 21. Re1 dxe4 22. Rxe4 Qd6 23. Nh2 c5 24. Rg1 Bc6 25. Reg4 e4 26. Qf4 Qd4 27. Nf3 exf3 28. Qxd4 cxd4 29. Rxd4 Re5 30. f6 Rfe8 31. Kf2 Re2+ 32. Kg3 Rg2+ 0-1

[Event "GER-ch Net blitz qual4"]
[Site "Playchess.com INT"]
[Date "2020.03.23"]
[Round "4"]
[White "Spitzl, Vinzent"]
[Black "Rieling, Thomas"]
[Result "1-0"]
[WhiteElo "2344"]
[BlackElo "2069"]
[PlyCount "59"]
[EventDate "2020.03.23"]
[EventType "swiss (blitz)"]
[EventRounds "9"]
[EventCountry "GER"]
[SourceTitle "CBM 195 Extra"]
[Source "ChessBase"]
[SourceDate "2020.05.31"]
[SourceVersion "1"]
[SourceVersionDate "2020.05.31"]
[SourceQuality "1"]

1. e4 e5 2. Nf3 Nc6 3. Bb5 f5 4. Nc3 Nd4 5. Nxe5 Qf6 6. f4 c6 7. Bc4 Nh6 8. Nf3 fxe4 9. Nxe4 Qxf4 10. Nxd4 Qxe4+ 11. Qe2 Qxe2+ 12. Bxe2 Bc5 13. Nb3 Bb6 14. d4 d5 15. 0-0 Nf5 16. c3 0-0 17. Bf4 Bd7 18. Bd3 Rae8 19. Be5 Rxe5 20. a4 a6 21. a5 Ba7 22. Kh1 Re3 23. Rad1 Nd6 24. Bxh7+ Kxh7 25. Rxf8 Re8 26. Rxe8 Bxe8 27. Re1 Bb8 28. Nc5 Bf7 29. Re7 Nc4 30. Rxf7 1-0

[Event "GER-ch Net blitz qual4"]
[Site "Playchess.com INT"]
[Date "2020.03.23"]
[Round "9"]
[White "Traetmar, Mattis"]
[Black "Rieling, Thomas"]
[Result "0-1"]
[WhiteElo "2009"]
[BlackElo "2069"]
[PlyCount "80"]
[EventDate "2020.03.23"]
[EventType "swiss (blitz)"]
[EventRounds "9"]
[EventCountry "GER"]
[SourceTitle "CBM 195 Extra"]
[Source "ChessBase"]
[SourceDate "2020.05.31"]
[SourceVersion "1"]
[SourceVersionDate "2020.05.31"]
[SourceQuality "1"]

1. e4 e5 2. Nf3 Nc6 3. Bb5 f5 4. exf5 e4 5. Qe2 Qe7 6. Ng1 Nf6 7. d3 Nd4 8. Bxd7+ Bxd7 9. Qd1 exd3+ 10. Be3 Nxc2+ 11. Kf1 Qxe3 12. fxe3 Nxe3+ 13. Ke1 Nxd1 14. Kxd1 Bxf5 15. Nf3 Bd6 16. Re1+ Kd7 17. Nc3 Rae8 18. Rf1 Bg4 19. h3 Bh5 20. g4 Bg6 21. Nd4 Rhf8 22. Kd2 a6 23. Rac1 c5 24. Nf5 Bxf5 25. Rxf5 c4 26. Rcf1 Ne4+ 27. Nxe4 Rxf5 28. Rxf5 Rxe4 29. Rf7+ Re7 30. Rf5 b5 31. a3 Kc6 32. Rh5 h6 33. Rf5 Be5 34. Kc1 a5 35. Rf8 b4 36. axb4 axb4 37. Rc8+ Kd5 38. Rd8+ Ke4 39. Ra8 Ke3 40. Ra5 Ke2 0-1

[Event "GER-ch Net blitz qual4"]
[Site "Playchess.com INT"]
[Date "2020.03.23"]
[Round "2"]
[White "Tropf, Peter"]
[Black "Rieling, Thomas"]
[Result "0-1"]
[WhiteElo "1196"]
[BlackElo "2069"]
[PlyCount "48"]
[EventDate "2020.03.23"]
[EventType "swiss (blitz)"]
[EventRounds "9"]
[EventCountry "GER"]
[SourceTitle "CBM 195 Extra"]
[Source "ChessBase"]
[SourceDate "2020.05.31"]
[SourceVersion "1"]
[SourceVersionDate "2020.05.31"]
[SourceQuality "1"]

1. d4 Nf6 2. Nf3 e6 3. e3 b6 4. Bd3 Bb7 5. c3 Be7 6. Nbd2 d5 7. 0-0 Nbd7 8. Qe2 h6 9. Re1 Ne4 10. b3 0-0 11. Ne5 Nxc3 12. Qg4 f5 13. Qg6 Nxe5 14. dxe5 Bc8 15. Bb2 Ne4 16. f3 Nxd2 17. Bc1 Bb4 18. e4 Nxe4 19. Bxh6 Qe7 20. fxe4 fxe4 21. Bc2 Bxe1 22. Rxe1 Ba6 23. Re3 Qf7 24. Qg4 Qf1# 0-1

[Event "GER-ch Net blitz qual2"]
[Site "Playchess.com INT"]
[Date "2020.03.16"]
[Round "1"]
[White "Rieling, Thomas"]
[Black "Arnold, Max"]
[Result "0-1"]
[WhiteElo "2069"]
[BlackElo "2283"]
[PlyCount "88"]
[EventDate "2020.03.16"]
[EventType "swiss (blitz)"]
[EventRounds "9"]
[EventCountry "GER"]
[SourceTitle "CBM 195 Extra"]
[Source "ChessBase"]
[SourceDate "2020.05.31"]
[SourceVersion "1"]
[SourceVersionDate "2020.05.31"]
[SourceQuality "1"]

1. e4 e5 2. Bc4 Nc6 3. d3 Nf6 4. Nc3 Na5 5. Nge2 c6 6. a3 Nxc4 7. dxc4 Be7 8. 0-0 d6 9. f3 Be6 10. Qd3 Nd7 11. Be3 0-0 12. Rad1 Qa5 13. Ng3 Nc5 14. Qe2 Qa6 15. b3 Qxa3 16. Ra1 Qb4 17. Bd2 Qb6 18. Kh1 Bh4 19. Nf5 Bxf5 20. exf5 Bf6 21. Be3 Qc7 22. Bxc5 dxc5 23. Ne4 Be7 24. g4 f6 25. h4 Rfd8 26. Qe3 b6 27. Rg1 Kh8 28. g5 Rf8 29. gxf6 Bxf6 30. h5 h6 31. Rg6 Rad8 32. Rag1 Qe7 33. Nxf6 Rxf6 34. Rxg7 Qxg7 35. Rxg7 Kxg7 36. Qg1+ Kf7 37. Qe3 Re8 38. Qe4 Rd6 39. Qg4 Rf6 40. Qe4 Rd6 41. Qg4 Rg8 42. Qe4 Kf6 43. Kh2 Rg5 44. Qe3 Rd4 0-1

[Event "GER-ch Net blitz qual2"]
[Site "Playchess.com INT"]
[Date "2020.03.16"]
[Round "9"]
[White "Rieling, Thomas"]
[Black "Foeing, Sebastian"]
[Result "1-0"]
[WhiteElo "2069"]
[BlackElo "1361"]
[PlyCount "69"]
[EventDate "2020.03.16"]
[EventType "swiss (blitz)"]
[EventRounds "9"]
[EventCountry "GER"]
[SourceTitle "CBM 195 Extra"]
[Source "ChessBase"]
[SourceDate "2020.05.31"]
[SourceVersion "1"]
[SourceVersionDate "2020.05.31"]
[SourceQuality "1"]

1. e4 e5 2. Nf3 Nc6 3. d4 exd4 4. Bc4 Bc5 5. c3 Nf6 6. e5 d5 7. Bb5 Nd7 8. cxd4 Bb4+ 9. Nc3 a6 10. Bd3 Nf8 11. 0-0 f6 12. exf6 Qxf6 13. Nxd5 Qd6 14. Nxb4 Nxb4 15. Re1+ Be6 16. Bg5 Ng6 17. Bc4 Nd5 18. Qe2 Kd7 19. Ne5+ Nxe5 20. dxe5 Qc5 21. Rac1 Rhf8 22. Qd2 c6 23. Bd3 Qd4 24. Rc4 Qb6 25. Bxh7 Rh8 26. Be4 Qc7 27. f4 Qb6+ 28. Kh1 Qb5 29. b3 Rad8 30. Qf2 Rdg8 31. Qg3 Qb6 32. f5 Bxf5 33. Bxf5+ Kc7 34. e6+ Kc8 35. e7# 1-0

[Event "GER-ch Net blitz qual2"]
[Site "Playchess.com INT"]
[Date "2020.03.16"]
[Round "3"]
[White "Spitzl, Vinzent"]
[Black "Rieling, Thomas"]
[Result "1/2-1/2"]
[WhiteElo "2344"]
[BlackElo "2069"]
[PlyCount "145"]
[EventDate "2020.03.16"]
[EventType "swiss (blitz)"]
[EventRounds "9"]
[EventCountry "GER"]
[SourceTitle "CBM 195 Extra"]
[Source "ChessBase"]
[SourceDate "2020.05.31"]
[SourceVersion "1"]
[SourceVersionDate "2020.05.31"]
[SourceQuality "1"]

1. e4 e5 2. Nf3 Nc6 3. Bb5 f5 4. Nc3 Nd4 5. Be2 Bc5 6. 0-0 Nxf3+ 7. Bxf3 f4 8. d3 Nf6 9. Na4 Be7 10. b3 d6 11. Bb2 0-0 12. d4 Nd7 13. dxe5 Nxe5 14. Bxe5 dxe5 15. Qxd8 Rxd8 16. Rfd1 Be6 17. h3 g5 18. Bg4 Bxg4 19. hxg4 Bb4 20. c3 Ba5 21. b4 Bb6 22. Nb2 a5 23. b5 Kf7 24. a4 Ke6 25. Nc4 Bc5 26. Kf1 b6 27. Ke2 Bf8 28. Rh1 Rd7 29. Rad1 Rad8 30. Rd2 Rxd2+ 31. Nxd2 Rd7 32. Nf3 h6 33. Nd2 Bc5 34. Nb3 Be7 35. Rc1 Ba3 36. Rc2 Be7 37. c4 Bb4 38. f3 Rd8 39. c5 Bxc5 40. Nxc5+ bxc5 41. Rxc5 Rd4 42. Rxc7 Rxa4 43. Rc6+ Kd7 44. Rxh6 Rb4 45. b6 a4 46. b7 Rxb7 47. Ra6 Rb2+ 48. Kf1 Rb4 49. Ra5 Kd6 50. Ke2 Ke6 51. Kd3 Rb3+ 52. Kc2 Rb4 53. Kc3 Rd4 54. Ra6+ Kf7 55. Ra5 Ke6 56. Kc2 Rb4 57. Kd2 Rd4+ 58. Ke2 Rb4 59. Ra6+ Kf7 60. Kf2 Rd4 61. Kg1 Rb4 62. Kh2 Rd4 63. Kh3 Rb4 64. g3 Rb3 65. Kg2 fxg3 66. Kxg3 Rb4 67. Kf2 Rb2+ 68. Ke3 Rb3+ 69. Ke2 Rb2+ 70. Kd3 Rb3+ 71. Ke2 Rb2+ 72. Ke3 Rb3+ 73. Ke2 1/2-1/2

[Event "Schwarzach op 34th"]
[Site "Schwarzach"]
[Date "2019.07.13"]
[Round "1"]
[White "Rieling, Thomas"]
[Black "Bethke, Richard"]
[Result "0-1"]
[WhiteElo "2082"]
[BlackElo "2346"]
[PlyCount "64"]
[EventDate "2019.07.13"]
[EventType "swiss"]
[EventRounds "9"]
[EventCountry "AUT"]
[SourceTitle "EXT 2020"]
[Source "ChessBase"]
[SourceDate "2019.10.17"]
[SourceVersion "1"]
[SourceVersionDate "2019.10.17"]
[SourceQuality "1"]

1. e4 c5 2. Nc3 Nc6 3. g3 g6 4. Bg2 Bg7 5. d3 e6 6. Be3 Nd4 7. f4 Ne7 8. Nf3 0-0 9. 0-0 d5 10. Bf2 Nxf3+ 11. Qxf3 b6 12. g4 Bb7 13. Bh4 f6 14. Qe2 Nc6 15. e5 Nd4 16. Qd2 Qd7 17. exf6 Bxf6 18. Bxf6 Rxf6 19. Rae1 Raf8 20. Nd1 Qd6 21. c3 Nc6 22. g5 R6f7 23. Bh3 Bc8 24. Qe3 Nd8 25. Nf2 Qxf4 26. Ng4 Qxe3+ 27. Rxe3 Rxf1+ 28. Bxf1 Kg7 29. Nf6 h6 30. Bh3 Nf7 31. Bxe6 Bxe6 32. Rxe6 Nxg5 0-1

[Event "Hamburg-chT Landesliga 1819"]
[Site "Hamburg"]
[Date "2019.04.13"]
[Round "8.1"]
[White "Rieling, Thomas"]
[Black "Serrer, Christoph"]
[Result "0-1"]
[WhiteElo "2090"]
[BlackElo "2282"]
[PlyCount "78"]
[EventDate "2018.10.21"]
[EventType "team-tourn"]
[EventRounds "9"]
[EventCountry "GER"]
[SourceTitle "EXT 2020"]
[Source "ChessBase"]
[SourceDate "2019.10.17"]
[SourceVersion "1"]
[SourceVersionDate "2019.10.17"]
[SourceQuality "1"]
[WhiteTeam "Hamburg Diogenes II"]
[BlackTeam "Fischbek"]
[WhiteTeamCountry "GER"]
[BlackTeamCountry "GER"]

1. e4 c5 2. Nc3 Nc6 3. g3 g6 4. Bg2 Bg7 5. d3 d6 6. f4 e6 7. Nf3 Nge7 8. 0-0 0-0 9. Be3 b6 10. d4 d5 11. exd5 Nf5 12. Bf2 Ncxd4 13. Ne5 exd5 14. Nxd5 Be6 15. c4 Rc8 16. Qd3 b5 17. b3 Re8 18. Rad1 bxc4 19. bxc4 Qd6 20. Qa3 Bxd5 21. Bxd5 Bxe5 22. fxe5 Rxe5 23. Bxd4 cxd4 24. Qxd6 Nxd6 25. Rxd4 Kg7 26. Rf2 Rc7 27. Rdf4 Nf5 28. g4 Re1+ 29. Kg2 Ne3+ 30. Kh3 Nxd5 31. cxd5 Rd1 32. Kg2 Rxd5 33. Re4 h5 34. h3 hxg4 35. hxg4 Kh6 36. Ref4 Kg5 37. Kg3 Rd3+ 38. Kg2 Ra3 39. Kh2 Rxa2 0-1

[Event "Arber op 7th"]
[Site "Bodenmais"]
[Date "2018.08.02"]
[Round "6"]
[White "Rieling, Thomas"]
[Black "Eizenhammer, Peter"]
[Result "0-1"]
[WhiteElo "2079"]
[BlackElo "2148"]
[PlyCount "62"]
[EventDate "2018.07.28"]
[EventType "swiss"]
[EventRounds "9"]
[EventCountry "GER"]
[SourceTitle "CBM 185 Extra"]
[Source "ChessBase"]
[SourceDate "2018.07.29"]
[SourceVersion "1"]
[SourceVersionDate "2018.07.29"]
[SourceQuality "1"]

1. e4 d6 2. d4 Nf6 3. Nc3 Nbd7 4. Be3 e5 5. Bc4 Be7 6. f4 c6 7. Bb3 0-0 8. Qf3 b5 9. Nge2 b4 10. Na4 c5 11. fxe5 dxe5 12. d5 Ba6 13. c4 Qa5 14. Rc1 Ne8 15. Ng3 Bh4 16. 0-0 Bxg3 17. Qxg3 Kh8 18. Qf2 Rc8 19. Qf5 Qd8 20. Bg5 f6 21. Qe6 Nc7 22. Qc6 Nb8 23. Qxc5 Ne6 24. Qxb4 Nxg5 25. Rfe1 Qd7 26. c5 Qg4 27. Rc3 f5 28. Rg3 Qf4 29. Rge3 fxe4 30. h3 Qf2+ 31. Kh1 Bf1 0-1